000 00672nam a2200193 a 4500
005 20240924063929.0
008 991125s1995 mx 000 0 spa u
035 _aUPN01000006352
049 _aF
050 4 _aLB5
_bD54 no.40
100 1 _aQuiroz Estrada, Rafael
245 1 4 _aLos cambios de 1993 en los planes y programas de estudio en la educación secundaria /
_cRafael Quiroz Estrada.
260 _aMéxico :
_bIPN, Centro de Investigación y de Estudios Avanzados,
_c1995.
300 _a17 p.
440 0 _aDocumento DIE ;
_v40
650 4 _aEducación
_xInvestigación
_94070
650 4 _aEducación secundaria
_zMéxico
_xPlanes y programas
_99976
905 _aLibro
999 _c6352
_d6352